Ve Vídni se sešli bankovní supervizoři z celého světa

V dňoch 12.-14.10.1994 sa konal vo Viedni ôsmy kongres bankových supervízorov. Zišli sa tu zástupcovia inštitúcií bankového dohľadu a centrálnych bánk zo 130 krajín sveta. Kongres bol zameraný na 2 témy: 1. Rozvojové trhy a ich finančné podmienky, 2. Systémy riadenia rizík.

Salvato in:
Dettagli Bibliografici
Autore principale: Mašindová, V.
Natura: Capitolo di libro
Lingua:ceco
Soggetti:
Tags: Aggiungi Tag
Nessun Tag, puoi essere il primo ad aggiungerne!!

MARC

LEADER 00000naa a2200000 4500
001 r024347
005 20221213081814.0
041 0 |a cze 
044 |a CZ 
245 1 0 |a Ve Vídni se sešli bankovní supervizoři z celého světa  |c V. Mašindová 
520 |a V dňoch 12.-14.10.1994 sa konal vo Viedni ôsmy kongres bankových supervízorov. Zišli sa tu zástupcovia inštitúcií bankového dohľadu a centrálnych bánk zo 130 krajín sveta. Kongres bol zameraný na 2 témy: 1. Rozvojové trhy a ich finančné podmienky, 2. Systémy riadenia rizík. 
610 2 0 |a kontrola banková 
610 2 0 |a banky 
610 2 0 |a banky emisné 
610 2 0 |a kongresy 
610 2 0 |a Viedeň 
610 2 0 |a 1994 
610 2 0 |a krajiny rozvojové 
610 2 0 |a riziko 
610 2 0 |a risk management 
100 1 |a Mašindová, V.